Where Is That 'L' City? Quiz Stats

 Plays Quiz Updated Aug 8, 2018

Challenge
Share
Tweet
Embed
Score 0/20 Timer 04:00
21 Plays Today
Question Answer Wrong Answers
Liverpool United Kingdom
97.3%
Gabon
0.1%
Tunisia
0.1%
Canada
0.2%
Limerick Ireland
91.5%
Fiji
1.3%
New Zealand
3.1%
Canada
1.8%
Lille France
88%
United Kingdom
0.8%
Spain
1.8%
Netherlands
6.8%
Luxor Egypt
83%
Turkey
6.1%
Palestine
2.9%
United Arab Emirates
5.5%
Liège Belgium
82.3%
Liechtenstein
5.1%
Luxembourg
7.4%
Latvia
2.6%
Lagos Nigeria
80.8%
Ethiopia
4.4%
Niger
9.8%
Egypt
2.6%
Linz Austria
79.9%
Lithuania
7%
New Zealand
2.5%
Romania
8%
Lahore Pakistan
79.1%
Afghanistan
5.8%
Iran
5.2%
Syria
7.3%
Leipzig Germany
77.7%
Austria
17.5%
Zimbabwe
1.2%
Namibia
1.1%
Lviv Ukraine
77.5%
Kazakhstan
7.6%
Serbia
7.5%
Macedonia
4.8%
Ljubljana Slovenia
74.8%
Kosovo
6.7%
Croatia
8.8%
Montenegro
7.2%
Lausanne Switzerland
71.4%
France
19%
Monaco
4.1%
Italy
3%
Limassol Cyprus
62.2%
Peru
16.3%
Ecuador
9.5%
Chile
9.1%
León Mexico
57.6%
Costa Rica
14.9%
Guatemala
13.2%
Cuba
11.7%
Lilongwe Malawi
57.2%
Burundi
10.9%
Rwanda
15.2%
Uganda
13.9%
Lucknow India
52.8%
Greece
4%
Bosnia and Herzegovina
25.3%
Bangladesh
15.2%
Lublin Poland
52%
Ireland
14.1%
United Kingdom
3.6%
Slovakia
27.6%
Long Xuyen Vietnam
46.6%
Laos
17%
Cambodia
19.7%
Thailand
13.9%
Lusaka Zambia
43.3%
Angola
26.6%
Zimbabwe
15.5%
Kenya
11.9%
Libreville Gabon
38.9%
Sierra Leone
36.9%
Guinea
9.5%
Equatorial Guinea
12%

You're not logged in!

Compare scores with friends on all Sporcle quizzes.
Join for Free
OR
Log In

You Might Also Like...

Show Comments

Extras

Top Quizzes Today


Score Distribution

Your Account Isn't Verified!

In order to create a playlist on Sporcle, you need to verify the email address you used during registration. Go to your Sporcle Settings to finish the process.

Report this User

Report this user for behavior that violates our Community Guidelines.

Details: